000 00398cam a22001331 4500
082 0 0 _a942
_bSTA
_cL-27, P-3
100 1 _aStamp, L. Dudley
_946447
245 1 0 _aMan and the land.
_cL. Dudley Stamp
260 _aLondon,
_bCollins,
_c1955.
300 _a272 p.
_billus.
_c23 cm.
526 _a0
_b0
_c0
_d942_000000000000000_STA
650 0 _aAgriculture
_zGreat Britain
_xHistory.
_946448
942 _2ddc
_cBK
999 _c549787
_d549787